Ảnh hưởng của dầu vỏ hạt điều thô (Anacardium occidentale L.) đến sự phát thải khí hiệu ứng nhà kính và tận dụng thức ăn của cừu : Luận văn tốt nghiệp cao học ngành. Chăn nuôi
Nghiên cứu này bao gồm 1 thí nghiệm (TN) sinh khí in vitro và 1 thí nghiệm tiêu hóa và phát thải khí hiệu ứng nhà kính ở in vivo. Thí nghiệm 1 gồm 2 thí nghiệm 1A và 1B, được bố trí hoàn toàn ngẫu nhiên với 5 nghiệm thức và 3 lần lặp la...
Na minha lista:
| Autor principal: | |
|---|---|
| Formato: | Livro |
| Idioma: | Undetermined |
| Publicado em: |
Cần Thơ
Trường Đại học Cần Thơ
2019
|
| Assuntos: | |
| Tags: |
Adicionar Tag
Sem tags, seja o primeiro a adicionar uma tag!
|
| Thư viện lưu trữ: | Trung tâm Học liệu Trường Đại học Cần Thơ |
|---|
| LEADER | 02542nam a2200241Ia 4500 | ||
|---|---|---|---|
| 001 | CTU_232932 | ||
| 008 | 210402s9999 xx 000 0 und d | ||
| 082 | |a 636.3 | ||
| 082 | |b T120 | ||
| 088 | |a 8620105 | ||
| 100 | |a Phạm, Huỳnh Khiết Tâm | ||
| 245 | 0 | |a Ảnh hưởng của dầu vỏ hạt điều thô (Anacardium occidentale L.) đến sự phát thải khí hiệu ứng nhà kính và tận dụng thức ăn của cừu : | |
| 245 | 0 | |b Luận văn tốt nghiệp cao học ngành. Chăn nuôi | |
| 245 | 0 | |c Phạm Huỳnh Khiết Tâm ; Nguyễn Văn Thu (cán bộ hướng dẫn) | |
| 260 | |a Cần Thơ | ||
| 260 | |b Trường Đại học Cần Thơ | ||
| 260 | |c 2019 | ||
| 520 | |a Nghiên cứu này bao gồm 1 thí nghiệm (TN) sinh khí in vitro và 1 thí nghiệm tiêu hóa và phát thải khí hiệu ứng nhà kính ở in vivo. Thí nghiệm 1 gồm 2 thí nghiệm 1A và 1B, được bố trí hoàn toàn ngẫu nhiên với 5 nghiệm thức và 3 lần lặp lại. Các nghiệm thức gồm DĐ0, DĐ2, DĐ4, DĐ6 và DĐ8 tương ứng với các mức độ dầu vỏ hạt điều là 0, 2, 4, 6 và 8% được thêm vào cỏ lông tây (1), và 80% cỏ lông tây với 20% thức ăn hỗn hợp dựa trên vật chất khô. Thí nghiệm 2 được tiến hành trên 04 con cừu cái 6 tháng tuổi, được bố trí theo kiểu hình vuông Latin (4x4) với 4 nghiệm thức và 4 giai đoạn, các nghiệm thức là mức độ dầu vỏ hạt điều 0; 0,5; 1,0; 1,5% (vật chất khô) được cho vào khẩu phần, tương ứng với các nghiệm thức DĐ0; DĐ0,5; DĐ1; DĐ1,5. Mỗi giai đoạn thí nghiệm là 14 ngày, trong đó 7 ngày đầu cho cừu thích nghi với khẩu phần và 7 ngày sau tiến hành lấy mẫu phân tích và đo khí thải (02 ngày/con/giai đoạn). Theo dõi các chỉ tiêu là tỷ lệ tiêu hóa dưỡng chất, khí thải tổng số, CH4 và CO2, tích lũy đạm và thông số dịch dạ cỏ. | ||
| 650 | |a Sheep,Cừu | ||
| 650 | |x Breeding,Chăn nuôi | ||
| 910 | |b tvtrong | ||
| 910 | |c tvtrong | ||
| 980 | |a Trung tâm Học liệu Trường Đại học Cần Thơ | ||